00445 a2200133 4500001000700000040003500007100002000042240004700062245004200109697002400151942000700175952011000182999001900292146764 cEscola São Tomás de Aquino aLARREULA, Enric10aOs grandes negócios da Bruxa Onildalpor10aOs grandes negócios da Bruxa Onilda a*LITERATURA INFANTO cBK 00104070a12.22b12.22d2024-04-30l0o028.52 LAR GRApEST00000637r2024-07-05 17:14:08w2024-04-30yBK c146764d146764